<?xml version="1.0" encoding="UTF-8"?>
<collection xmlns="http://www.loc.gov/MARC21/slim">
 <record>
  <leader>01098nam a2200205 a 4500</leader>
  <controlfield tag="001">1/54316</controlfield>
  <controlfield tag="008">211102q2006    gr            100 | eng d</controlfield>
  <datafield tag="040" ind1=" " ind2=" ">
   <subfield code="a">GR-PeUP</subfield>
  </datafield>
  <datafield tag="082" ind1="0" ind2="0">
   <subfield code="a">332.1068 ΔΙΕ</subfield>
  </datafield>
  <datafield tag="111" ind1="2" ind2="4">
   <subfield code="a">Διεθνές Συνέδριο για την Κανονιστική Συμμόρφωση και την Εκπαίδευση</subfield>
   <subfield code="d">(2006 :</subfield>
   <subfield code="c">Athens, Greece)</subfield>
  </datafield>
  <datafield tag="245" ind1="1" ind2="0">
   <subfield code="a">Regulatory compliance and training :</subfield>
   <subfield code="b">emerging challenges for the European financial system, international conference, Friday, 5th May 2006, Athens, Greece /</subfield>
   <subfield code="c">EBTN, Hellenic Bank Association.</subfield>
  </datafield>
  <datafield tag="260" ind1=" " ind2=" ">
   <subfield code="a">[Athens] :</subfield>
   <subfield code="b">Naftemporiki,</subfield>
   <subfield code="c">[2006;]</subfield>
  </datafield>
  <datafield tag="300" ind1=" " ind2=" ">
   <subfield code="a">115 σ. ;</subfield>
   <subfield code="c">24 εκ.</subfield>
  </datafield>
  <datafield tag="650" ind1=" " ind2="4">
   <subfield code="a">Τράπεζες και τραπεζικές εργασίες</subfield>
   <subfield code="x">Διαχείριση κινδύνου.</subfield>
  </datafield>
  <datafield tag="650" ind1=" " ind2="4">
   <subfield code="a">Τράπεζες</subfield>
   <subfield code="x">Διοίκηση.</subfield>
  </datafield>
  <datafield tag="650" ind1=" " ind2="0">
   <subfield code="a">Banks and banking</subfield>
   <subfield code="x">Risk management.</subfield>
  </datafield>
  <datafield tag="710" ind1="2" ind2=" ">
   <subfield code="a">Ελληνική Ένωση Τραπεζών.</subfield>
  </datafield>
  <datafield tag="710" ind1="2" ind2=" ">
   <subfield code="a">European Bank Training Network.</subfield>
  </datafield>
  <datafield tag="852" ind1=" " ind2=" ">
   <subfield code="a">INST</subfield>
   <subfield code="b">UNIPILB</subfield>
   <subfield code="c">MAIN</subfield>
   <subfield code="e">20211102</subfield>
   <subfield code="h">332.1068 ΔΙΕ</subfield>
   <subfield code="p">00185980</subfield>
   <subfield code="q">00185980</subfield>
   <subfield code="t">LOAN</subfield>
   <subfield code="y">0</subfield>
   <subfield code="4">1</subfield>
  </datafield>
  <datafield tag="960" ind1=" " ind2=" ">
   <subfield code="a">ΜΑΡΙΑ ΒΕΛ</subfield>
  </datafield>
 </record>
</collection>
